000 00763cam a2200277 a 4500
001 4440119
003 ARRUPE
005 20161215082236.0
008 800617s1980 nyu b 001 0 eng
010 _a79093076
020 _a0879751274
035 _a(OCoLC)6485880
035 _a(OCoLC)ocm06485880
035 _a(NNC)4440119
040 _aDLC
_cDLC
_dNNUT
050 0 _aBF72.F5 1979
100 1 _aFlew, Antony,
_d1923-2010.
_910636
245 1 0 _aPhilosophy, an introduction /
_cAntony Flew.
260 _aLondon
_bHodder and Stoughton
_c1979.
300 _aviii, 194 p. ;
_c21 cm.
500 _aIncludes indexes.
504 _aBibliography: p. 180-186.
650 0 _aPhilosophy
_vIntroductions.
_914761
942 _2lcc
_cMONOGRAPH
999 _c125900
_d125900